000
00325 a2200157 4500
001
181583
020
_a
040
_c
Magnum
100
_a
Madler, Trudy
240
1
0
_a
Por que vovo morreu ?
_l
por
245
1
0
_a
Por que vovo morreu ?
362
0
_a
1899
440
1
_a
Ática
697
_a
MAGNITO: IJ/GERAL
942
_c
BK
999
_c
181583
_d
181583